000 00720cam a22002291 4500
001 000010871
005 20200929162317.0
008 711124s1965 nyuabc 000 0 eng
010 _a65014589
040 _aDO-SdBNP
_cDLC
_dDLC
050 0 0 _aQC863
_b.T5
100 1 _aThompson, Philip Duncan.
_926212
245 1 0 _aWeather, /
_cby Philip D. Thompson, Robert O'Brien and the editors of Life.
260 _aNew York, :
_bTime inc.,
_c[1965].
300 _a200 p. :
_billus. (part col.), maps, col. ports. ;
_c28 cm.
440 0 _aLife science library
_925802
650 0 _aMeteorology.
_926213
700 1 _aO'Brien, Robert,
_d1911-
_926214
730 0 _aLife (Chicago, Ill.)
_926215
910 _aDC
082 0 0 _a551.5
999 _c10620
_d10620